000 02213nab a2200265 a 4500
005 20210219162644.0
008 991125s1985 mx 000 0 spa u
035 _aUPN01000208156
049 _aART
100 1 _aAhumada Tello, Eduardo
100 1 _ueahumada@uabc.edu.mx
100 1 _aPerusquia Velasco, Juan Manuel Alberto
222 0 _aCONTADURIA Y ADMINISTRACION
245 0 0 _aInteligencia de negocios :
_bestrategia para el desarrollo de competitividad en empresas de base tecnológica
260 _aMéxico
300 _a127-158
362 0 _a2016 Volumen 61, número 1, enero-marzo
520 _aLa necesidad de realizar una valoración sobre el rol de los activos intangibles dentro de las organizaciones hace que sea necesario establecer estrategias entre la creación de valor con base en el conocimiento y los mecanismos de adquisición de este en las empresas. En esta investigación se plantea la problemática de establecer elementos que desarrollen la capacidad de fortalecer el conocimiento que las empresas adquieren a través de acciones centradas en los sistemas de información, la innovación y el proceso de la toma de decisiones, todo coadyuvando a la ampliación de la inteligencia de negocios(Business Intelligence) como un factor fundamental en la competitividad empresarial. Es una investigación mixta: entrevistas a profundidad en el aspecto cualitativo y cuestionario en el aspecto cuantitativo; en empresas del sector de tecnologías de información y comunicación. Los hallazgos principales son: a) el conocimiento es el activo de mayor valor en las empresas; b) el entorno de negocios es fundamental para la competitividad; c) la innovación, los sistemas de información y los procesos de toma de decisiones son parte de la inteligencia de negocios que requieren las empresas, y c) la inteligencia de negocios desarrolla la competitividad a partir de la gestión del conocimiento
653 0 _aEMPRESA DE BASE TECNOLOGICA
653 0 _aINTELIGENCIA DE NEGOCIOS
653 0 _aGESTION DEL CONOCIMIENTO
856 4 _uhttp://www.redalyc.org/articulo.oa?id=39543184008
856 4 _ufile:///C:/Users/Familiar/Downloads/53933-153289-1-PB.pdf
905 _aArticulo
999 _c180257
_d180257